000 00614nam a22001815i 4500
001 163592
003 ES-MaACL
005 20230906212755.0
008 050715s1889 fr | |||||||| ||fre d
040 _aCAM
_bspa
_cCAM
100 1 _aRivaud, Albert.
_997598
245 1 0 _aSauvetage de la Vigne /
_cpar Albert Rivaud.
260 _aParis :
_b[s.n.],
_c1889 (
_fImprimerie du Moniteur Industriel)
300 _a15 p. ;
_c27 cm.
500 _aExtrait du Moniteur Industriel.
650 4 _aViticultura.
_9136993
852 _aES-MaACL
_jT-517-F-4
_z-- Enc. hol. conservando la original
_z-- Enc. en un vol. facticio
999 _c163592
_d163592